| 000 | 00316nam a2200097Ia 4500 | ||
|---|---|---|---|
| 008 | 220120s9999||||xx |||||||||||||| ||und|| | ||
| 100 |
_aSahana, Supritha and Sanjana _912412 |
||
| 245 | 0 | _aAutomatic irrigation module | |
| 260 |
_aCoorg Institute of Technology _bPonnampet _c2002 |
||
| 650 | _aELECTRONICS AND COMMUNICATIONS | ||
| 999 |
_c137999 _d137999 |
||